000 00367 a2200133 4500
005 20250319134509.0
020 _a0-538-13070-9
082 _a513.93 GOS
100 _aGOSSAGE, L. C.
245 _aBusiness Mathematics: A Collage Course
260 _aBrighton,
_bSouth-Western,
_c1972.
300 _avi, 522p.: ill.; figure, graph, table.
_bIndex.
_c24cm.
942 _2ddc
_cBKS
999 _c990
_d990